01289nam a2200301 i 4500003000900000005001700009007000300026008004100029040003000070082002200100110003300122240001800155245023400173264005700407300002800464336002700492337003300519338002800552590002700580650005300607650004800660650004000708651004600748910001400794942001400808952014800822999001700970DO-SdBNP20250317132740.0ta250317s201u dr 001 0 spa d aDO-SdBNPbspacBNPHUerda 4a346.07bR426L2221 aRepública Dominicana.944712a[Leyes, etc.]10aLey No. 479-08 ley general de las sociedades comerciales y empresas individuales de responsabilidad limitada :b(promulgada el 11 de diciembre de 2008) (modificada por la ley No. 31-11 del 10 de febrero de 2011, G. O. No. 8287) / aSanto Domingo :b[editor no identificado], c[200-]. a192 páginas ;c21 cm. atextobtxt2rdacontent asin mediaciónbn2rdamedia avolumenbnc2rdacarrier aInventariado, 2025/ YL 4aDerecho comercialzRepública Dominicana914449 4aSociedades comercialesxLegislación95941 4aCompañíasxLegislación930887 4aRepública DominicanaxLey 479-08910079 aYLockward 2ddccLBS1 00102ddc51708PDaBNPHUbBNPHUcCTd2021-03-24eDonado por Julián Amarol0oBNPHU PD 346.07 R426Lp2025-1924r2025-03-17w2025-03-17yLBS1 c58443d58443